00671nam a2200229 a 4500001001300000003000900013005001700022008004100039020000900080082001500089245004900104260003600153300000800189500003500197505001600232650002700248710002300275902000800298942000700306952011300313999001500426nice12345678IN_TiNIC20260116012150.0050524s1962 usaa grp 000 0 eng  ac3000a232.9bPRE aJesus Christb an Illustrated Life of Christ aUsabPrentice-Hall, Inc.,c1962 a81p aincludes index and biblioraphy2 aIllustrated aJesus Christ-Biography2 aPrentice-Hall, Inc bSRS cBK 001040708StackRoom-aHMIbHMId2007-06-19g30.00l0o232.9 PREp05760r2007-06-19v30.00w2005-05-24yBK c5903d5903